000 00801nam a2200217 i 4500
001 53401
003 ES-MaACL
005 20250823104043.0
007 t|
008 931025s1874 sp ||||1| spa d
040 _aPAB
_bspa
_cCCPB
080 _a783.034
100 1 _aArnao, Antonio.
_923045
245 1 0 _aDiscursos leídos ante la Academia de Bellas Artes de San Fernando en la recepción pública de Don Antonio Arnao, el día 8 de diciembre de 1874
_b: [tema: la música en el templo católico] /
_ccontestación de D. Hilarión Eslava.
260 _aMadrid :
_b[s.n.],
_c1874 (
_fImp. y fundición de Manuel Tello)
300 _a47 p. ;
_c27 cm.
650 7 _aMúsica sagrada
_2
_9143239
700 1 _aEslava, Hilarión.
_947730
852 _aES-MaACL
_jT-170-F-13
999 _c53401
_d53401